000 00641nam a22001577a 4500
005 20250903093853.0
008 240830b ||||| |||| 00| 0 eng d
082 _aDPer 364.05 P538 2020 v. 1 iss. 1-2
100 _aDr. Tenorio, Monette G.
_eauthor.
_959465
245 _aDigital Photography :
_bit's admissibility in court proceedings /
_cDr. Monette G. Tenorio.
260 _aPhilippines ;
_bChapterhouse Publishing Inc. ,
_c2020.
300 _aVolume 1, pages 183-189 ;
_c26 cm.
500 _aPhilippine Criminology Journal, vol. 1, iss. 1, pages 183-189, 2020.
700 _aDr. Tenorio, Monette G.
_eauthor.
_959465
942 _2ddc
_cPER
999 _c21070
_d21070